000 01100nab a22002297a 4500
999 _c5723
_d5723
003 OSt
005 20251231174104.0
008 190605e xxu||||| |||| 00| 0 spa d
040 _cPJ
100 _96168
_aSalgado, José Manuel
245 1 3 _aEl fracaso de la conciliación laboral obligatoria desde la teoría y la práctica /
_cJosé Manuel Salgado.
260 _aCiudad Autónoma de Buenos Aires :
_bThomson Reuters La Ley,
_c2023.
300 _ap. 45
500 _aCita: TR LALEY AR/DOC/942/2023.
505 _aSumario: I. Introducción.— II. Concurrencia obligatoria del trabajador.— III. Desventajas vinculadas con la coyuntura.— IV. Algunos vicios del sistema.— V. Solución propuesta.
505 _t¿Te interesa el texto completo? Solicitalo al correo: koha@justierradelfuego.gov.ar
650 0 _91316
_aDERECHO LABORAL
650 0 _91367
_aASOCIACIONES SINDICALES
650 0 _91328
_aCONCILIACION LABORAL
773 0 _02711
_93168
_dCiudad Autónoma de Buenos Aires : Thomson Reuters La Ley, 1999-2002.
_tRevista de derecho del trabajo. Nº 3 - Mayo 2023
942 _2udc
_cANA